Gaming Quiz

Random Gaming or Pokémon Quiz

Pokémon by Moveset Quiz Stats

 Plays Quiz not verified by Sporcle

Score 0/16 Timer 07:00
0 Plays Today
Moveset Pokémon % Correct
Confuse Ray, Dream Eater, Lick, Night ShadeGengar
89.4%
Ember, Fire Spin, Leer, SlashCharizard
87%
DoubleSlap, Lovely Kiss, Pound, ThrashJynx
85.9%
Haze, Smog, Selfdestruct, TackleWeezing
85.6%
Bite, Skull Bash, Tail Whip, WithdrawBlastoise
84.5%
Drill Peck, Fury Attack, Rage, Tri AttackDodrio
84.2%
Agility, Blizzard, Ice Beam, MistArticuno
84.2%
Growl, Growth, Leech Seed, Sleep PowderVenusaur
83.1%
Moveset Pokémon % Correct
Screech, Supersonic, ThunderShock, Thunder WaveMagneton
77.1%
Hyper Beam, Leer, Slam, Thunder WaveDragonite
72.9%
Confusion, Gust, Supersonic, WhirlwindButterfree
72.5%
Body Slam, DoubleSlap, Hypnosis, Water GunPoliwrath
70.4%
Agility, Double Team, Light Screen, Tail WhipPikachu
67.6%
Hyper Beam, Supersonic, Take Down, Wing AttackAerodactyl
57%
Growl, Headbutt, Rage, ThrashMarowak
39.4%
Growl, Focus Energy, Quick Attack, TackleEevee
28.5%

You're not logged in!

Compare scores with friends on all Sporcle quizzes.
OR
Log In

You Might Also Like...

Show Comments

Extras

Created Dec 23, 2010ReportNominate
Tags:Pokémon Quiz, attack, moveset

Top Quizzes Today


Score Distribution

Your Account Isn't Verified!

In order to create a playlist on Sporcle, you need to verify the email address you used during registration. Go to your Sporcle Settings to finish the process.

Report this User

Report this user for behavior that violates our Community Guidelines.

Details: